000 02231nam0a2200385 i 4500
001 RU\NLR\bibl\2036489
005 20260406114906.0
010 _a978-5-906002-37-2
_9500
021 _aRU
_b2013-34723
_92377
035 _a(NLR Aleph) 002023913
090 _a4517806
_c4517806
100 _a20130524d2013 u y0rusy50 ca
101 0 _arus
_akbd
102 _aRU
105 _aa |||||||||
200 1 _aКавказские поэмы
_dКавказ поэмэхэр
_eс иллюстрациями русских и зарубежных художников XIX-XX веков
_fЛермонтов М.Ю.
_g[пер. на кабардино-черкесский яз. лауреатом Госпремии КБР, нар. поэтом Кабардино-Балкарии Русланом Ацкановым]
_zkbd
210 _aНальчик
_cТетраграф
_d2013
215 _a535 с.
_cил., портр., факс.
_d25
225 1 _aЧеркесика
_dCherkesika
_eобщеадыгская серия
_fавт. проекта и гл. ред. - акад. АМАН Мухамед Хафицэ
_vт. 2
_zeng
300 _aТекст парал. на рус. и кабард.-черкес. яз.
327 1 _aСодерж.: Черкесы; Кавказский пленник; Каллы. Черкесская повесть; Измаил Бей. Восточная повесть; Аул Бастунджи; Хаджи Абрек; Беглец. Горная легенда; Демон. Восточная повесть; Мцыри
510 1 _6z73790
_aКавказ поэмэхэр
_zkbd
686 _aШ6(2=Р)51-5
700 1 _4070
_8rus
_7ca
_aЛермонтов
_bМ. Ю.
_cпоэт
_f1814-1841
_gМихаил Юрьевич
_3RU\NLR\auth\77328
_9110383
702 1 _aАцканов
_bР. Х.
_gРуслан Х.
_4730
790 1 _4070
_8rus
_7ca
_aЛермонтов
_bМ. Ю.
_cпоэт
_f1814-1841
_gМихаил Юрьевич
_3RU\NLR\auth\77328
_9110383
801 0 _aRU
_bNLR
_c20130524
_gRCR
801 1 _aRU
_bNLR
_c20130524
852 _aNLR
_bОНЛ
_jКабар./4-105
852 _aNLR
_bОНЛ
_jМК-9307
942 _cBOOK
980 _aNBR